00358nam a2200121Ia 45000010005000000080041000050820023000461000049000692450051001182600024001699010028001939990015002213462241024s9999 xx 000 0 und d aRD/731.97293/R426f aRepública Dominicana.Ministerio de Cultura 0aFiarte, 1era. feria internacional de arte 2010 bSanto Domingoc2010 a8/11/2013 12:16:17 p.m. c7961d7961